000 00519nam a2200193Ia 4500
005 20250923145950.0
008 008 250917s9999 xx 000 0 eng d
037 _aTextual
040 _aDSWL
_beng
_cDSWL
041 _aeng
_2eng
084 _aYX,Z1-z4
_qDSWL
245 2 _aA second chance : International adoptees in Norway
260 _aNorway
_b PDRD College Center Norway
_c1997
300 _a77 p.
365 _bGift
925 _gGift
942 _cTEXL
_hYX,Z1-z4
999 _c1457906
_d1457906